000 00429nam a2200181Ia 4500
005 20250423101114.0
008 250422s9999 xx 000 0 und d
020 _a0-471-63423-9
050 _aTK 5103 .F68/
100 _aRoger L. Freeman
245 0 _aTelecommunication System Engineering
260 _aNew York
260 _bJohn Wiley & Sons
260 _c1989
300 _a752 p
650 _asciences
942 _cBK
999 _c35300
_d35300